000 00871nas a2200253 4500
001 BR9202903
003 BR-BrBNA
005 20231205092556.0
007 ta
008 230509b bl.|||p| |||| 00| 00por d
040 _aBR-BrBNA
_bpor
_cBiblioteca Nacional de Agricultura
041 _a(Pt)
072 _aL70
100 1 _aMoraes, F.C.Y. de
100 1 _aValadao, C.A.A.
245 1 _aUso da associacao xilazina, ketamina, midazolan e isoflurano, na amputacao da asa de ema, Rhea americana
246 1 _a[Use of "xilazina", "ketamina", midazolan" e "isoflurano" association in wing amputation of Rhea americana!
650 _aEMA
650 _aANESTESIA
650 _aANESTESICO
773 0 _tCiencia Veterinaria. Jaboticabal (Brazil)
_xISSN 0103-006X
_g(1990), v. 4(2) p. 9-10
_wBR9202903
909 _a202311
_bLúcia
_c55
_dLúcia Elande
942 _2AGRIS
_n0
_cANA
999 _c132606
_d132606